|
|
|
|
| LEADER |
00000nab a2200000 a 4500 |
| 001 |
vtls000894240 |
| 003 |
SK-MaSNL |
| 005 |
20260303212253.0 |
| 008 |
040720e19960910xo 0 slo |
| 035 |
|
|
|a KE3274
|
| 040 |
|
|
|a KEVKJB
|b slo
|c KEVKJB
|e AACR2
|
| 041 |
0 |
|
|a slo
|
| 044 |
|
|
|a xo
|c SK
|
| 080 |
|
|
|a 792(437.671)(=945.11)
|2 1981
|
| 080 |
|
|
|a 792(=914.99)
|2 1981
|
| 100 |
1 |
|
|a Soltész, Arpád,
|d 1969-
|4 aut
|9 169110
|
| 245 |
1 |
0 |
|a Morálny nesúhlas
|b O právnu subjektivitu prišli divadlá Thália a Romathan
|
| 610 |
2 |
7 |
|a Divadlo Thália (Košice, Slovensko)
|2 KEVKJB
|9 31809
|
| 610 |
2 |
7 |
|a Divadlo Romathan
|2 KEVKJB
|9 29566
|
| 650 |
0 |
7 |
|a divadlá
|2 KEVKJB
|9 29113
|
| 651 |
|
7 |
|a Košice (Slovensko)
|2 KEVKJB
|9 18694
|
| 773 |
0 |
8 |
|t Košický večer
|g Roč. 7
|g Roč. 27, č.176, 10.9.1996, s. 2
|
| 852 |
|
|
|a ZVYKNI
|b KIS3GCP
|
| 999 |
|
|
|c 2206513
|d 2208443
|